| 000 | 00898cam a2200193 4500 | ||
|---|---|---|---|
| 001 | ABS66382 | ||
| 008 | 030121n2003 000 0 eng u | ||
| 035 | _a(Sirsi) u121090 | ||
| 100 | _aBeavil, S. | ||
| 245 | _aMeasuring up to risk | ||
| 260 | _c2003 | ||
| 490 |
_aProject _v15(7) December 2002/January 2003, 29(1) |
||
| 520 | _aOverview of the introduction of new qualifications in risk management. The course has been introduced by the Association of Project Managers and asks individuals to demonstrate their knowledge (Level 1) and their capability (Level 2) in risk management to their peers, employers and clients alike. Qualification leads to the award of certificates. Further details are available from APM t +44 (0)845 458 1944 or [email protected]. | ||
| 590 | _aABS | ||
| 650 | _aRISK MANAGEMENT | ||
| 650 | _aQUALIFICATIONS | ||
| 690 |
_aProject management _96261 |
||
| 942 | _n0 | ||
| 999 |
_c71951 _d71951 |
||